[Event "ICC tourney 1897 (3 2)"]
[Site "Internet Chess Club"]
[Date "2020.07.03"]
[Round "3"]
[White "Visam"]
[Black "xiaoyongfu96"]
[Result "1/2-1/2"]
[WhiteElo "2675"]
[BlackElo "1956"]
[PlyCount "156"]
[EventDate "2020.??.??"]

1. d4 Nf6 2. Nf3 g6 3. g3 Bg7 4. Bg2 O-O 5. O-O d5 6. c4 c6 7. Qb3 dxc4 8. Qxc4
Be6 9. Qc2 Bf5 10. Qb3 b5 11. Nc3 a5 12. Bf4 Ne4 13. Nh4 Be6 14. Qc2 Nxc3 15.
bxc3 Qb6 16. e4 Bc4 17. Rfe1 Na6 18. Be3 Rfd8 19. f4 c5 20. d5 e6 21. Rad1 exd5
22. exd5 Rac8 23. Rd2 Rd6 24. f5 Rcd8 25. Bg5 Bf6 26. Bxf6 Rxf6 27. Qd1 Rfd6
28. Re7 Kf8 29. Re5 Nc7 30. fxg6 hxg6 31. Qf3 Bxd5 32. Qe3 Bxg2 33. Rxd6 Qxd6
34. Kxg2 Qd2+ 35. Kh3 Qxe3 36. Rxe3 Nd5 37. Rf3 Kg7 38. Ng2 c4 39. a3 Nb6 40.
Rf2 Rd3 41. Rb2 b4 42. axb4 Na4 43. Ra2 Nxc3 44. Rxa5 Ne4 45. Nf4 Rb3 46. Re5
Nf2+ 47. Kg2 Ng4 48. Re7 Rxb4 49. Rc7 Ne3+ 50. Kf3 Nf5 51. g4 Nd4+ 52. Ke4 Nc2
53. Nd5 Ra4 54. Nc3 Ra3 55. Rxc4 Ne1 56. Rc7 Ng2 57. h3 Nh4 58. Kf4 Kf6 59. Kg3
g5 60. Rc5 Ng6 61. Kh2 Nf4 62. Ne4+ Ke7 63. Nxg5 f6 64. Ne4 Rxh3+ 65. Kg1 Rh4
66. Nf2 Nh3+ 67. Nxh3 Rxh3 68. Kg2 Rd3 69. Kf2 Ke6 70. Rb5 Ra3 71. Rc5 Kf7 72.
Rb5 Kg6 73. Rc5 Rb3 74. Ra5 Rc3 75. Rb5 Rd3 76. Ra5 Rb3 77. Rc5 Ra3 78. Rb5 Rc3
1/2-1/2

[Event "ICC tourney 1897 (3 2)"]
[Site "Internet Chess Club"]
[Date "2020.07.03"]
[Round "2"]
[White "xiaoyongfu96"]
[Black "cloak1"]
[Result "1-0"]
[WhiteElo "1776"]
[BlackElo "1905"]
[PlyCount "65"]
[EventDate "2020.??.??"]

1. e4 Nf6 2. e5 Nd5 3. d4 d6 4. c4 Nb6 5. Nf3 g6 6. Be2 dxe5 7. Nxe5 Bg7 8. Bf4
O-O 9. O-O Nc6 10. Nxc6 bxc6 11. Be5 f6 12. Bf4 Be6 13. Na3 Qd7 14. Qd2 Rfd8
15. Rfd1 Rab8 16. Bh6 Bh8 17. Be3 Bf7 18. Rac1 Qe6 19. b3 c5 20. d5 Qc8 21.
Bxc5 Qd7 22. Nb5 a6 23. Nd4 Bg7 24. Nc6 Qxc6 25. dxc6 Rxd2 26. Rxd2 Bf8 27.
Rcd1 Be8 28. Rd8 Nc8 29. Bf3 Kf7 30. Bd5+ e6 31. Bxe6+ Kxe6 32. Rxe8+ Kf5 33.
Rxf8 1-0

[Event "ICC tourney 1897 (3 2)"]
[Site "Internet Chess Club"]
[Date "2020.07.03"]
[Round "1"]
[White "searchforbobby1"]
[Black "xiaoyongfu96"]
[Result "1/2-1/2"]
[WhiteElo "1996"]
[BlackElo "1598"]
[PlyCount "172"]
[EventDate "2020.??.??"]

1. e4 c5 2. d4 cxd4 3. c3 dxc3 4. Nxc3 d6 5. Bc4 Nf6 6. Nf3 g6 7. O-O Bg7 8.
Bg5 Nc6 9. h3 O-O 10. Qd2 a6 11. Bh6 b5 12. Bxg7 Kxg7 13. Bb3 Bb7 14. Rfd1 Na5
15. Bc2 Nc4 16. Qc1 b4 17. e5 bxc3 18. exf6+ exf6 19. bxc3 Bxf3 20. gxf3 Qd7
21. Kg2 Ne5 22. Qe3 Rfe8 23. Be4 Rad8 24. Bd5 Qf5 25. Be4 Qh5 26. Qf4 f5 27.
Bd5 Rc8 28. c4 Qh6 29. Qxh6+ Kxh6 30. Rac1 f4 31. Bb7 Rxc4 32. Rxc4 Nxc4 33.
Bxa6 Ne5 34. Rxd6 Kg5 35. a4 Ra8 36. Bb5 f6 37. Rd1 Nf7 38. Ra1 Nd6 39. Bd3 Ra5
40. Bc2 Nb7 41. Rb1 Nd6 42. Rb6 Nc4 43. Rb5+ f5 44. Bb3 Rxb5 45. axb5 Nb6 46.
Bg8 h6 47. Bb3 Kf6 48. Kf1 Ke5 49. Ke2 Kd4 50. Bf7 g5 51. Be6 Ke5 52. Bf7 Kd6
53. Be8 Kc5 54. Kd3 Nd5 55. Bd7 Ne7 56. Kd2 Kd6 57. Be8 Kc5 58. Kc3 Nd5+ 59.
Kd3 Nc7 60. Bd7 Nxb5 61. Bxf5 Nd6 62. Be6 Kb4 63. Kd4 Nb5+ 64. Ke5 Kc3 65. Kf6
Nd4 66. Bd5 Kd3 67. Kg6 Ke2 68. Kxh6 Kxf2 69. Kxg5 Nxf3+ 70. Kxf4 Kg2 71. Be6
Nh4 72. Kg4 Ng6 73. Kg5 Ne5 74. Kf4 Nf3 75. Bg4 Nh4 76. Kg5 Nf3+ 77. Kf4 Nh4
78. Kg5 Nf3+ 79. Kf4 Nh4 80. Bd7 Ng6+ 81. Kg5 Ne5 82. Bf5 Kg3 83. Be6 Nf3+ 84.
Kh5 Nh4 85. Bg4 Nf3 86. Bxf3 Kxh3 1/2-1/2

[Event "ICC tourney 1897 (3 2)"]
[Site "Internet Chess Club"]
[Date "2020.07.03"]
[Round "10"]
[White "saiabhi29"]
[Black "xiaoyongfu96"]
[Result "0-1"]
[WhiteElo "1262"]
[BlackElo "1673"]
[PlyCount "76"]
[EventDate "2020.??.??"]

1. d4 Nf6 2. Bf4 d5 3. e3 g6 4. Nc3 Bg7 5. h4 c6 6. Nf3 Bg4 7. Be2 Nbd7 8. Qd2
b5 9. a3 a5 10. Ne5 Bxe2 11. Qxe2 Qb6 12. O-O Qb7 13. e4 O-O 14. exd5 Nxd5 15.
Nxd5 cxd5 16. Rfe1 e6 17. c3 Rfc8 18. Nd3 Bf6 19. h5 Qc6 20. hxg6 hxg6 21. Ne5
Nxe5 22. Bxe5 Bxe5 23. Qxe5 Qc7 24. Qf6 Qd8 25. Qe5 Qf8 26. Re3 Qg7 27. Qd6 Qf6
28. Rf3 Qd8 29. Qe5 Qf8 30. Rh3 Qg7 31. Qd6 Rcb8 32. Kh2 Rd8 33. Qc7 Qf8 34.
Qe5 Qg7 35. Qf4 f6 36. Rh1 g5 37. Qe3 Kf7 38. Qd3 Rh8 0-1

[Event "ICC tourney 1897 (3 2)"]
[Site "Internet Chess Club"]
[Date "2020.07.03"]
[Round "9"]
[White "Xuanli28"]
[Black "saiabhi29"]
[Result "1-0"]
[WhiteElo "1646"]
[BlackElo "1263"]
[PlyCount "129"]
[EventDate "2020.??.??"]

1. e4 c5 2. Nf3 Nc6 3. Bb5 g6 4. Bxc6 dxc6 5. h3 Bg7 6. O-O e5 7. d3 Ne7 8. Be3
b6 9. Nc3 O-O 10. Qd2 Qc7 11. Bh6 f6 12. Bxg7 Kxg7 13. Nh2 Be6 14. Ne2 Rad8 15.
Rad1 c4 16. Qe3 cxd3 17. cxd3 Bxa2 18. f4 Bf7 19. f5 c5 20. Ng3 Qd6 21. Ng4 Qd4
22. fxg6 Qxe3+ 23. Nxe3 hxg6 24. Rf2 Bb3 25. Rdd2 Nc6 26. Rf1 Nb4 27. Ra1 a5
28. Ra3 a4 29. h4 Rxd3 30. Rxd3 Nxd3 31. h5 Nb4 32. hxg6 Kxg6 33. Ra1 Rd8 34.
Rf1 Rd3 35. Ngf5 Nc2 36. Ng4 Be6 37. Ne7+ Kf7 38. Nf5 Bxf5 39. Rxf5 Rd6 40.
Nxe5+ Ke6 41. Nc4 Rd1+ 42. Kh2 Nd4 43. Rf2 b5 44. Nb6 Re1 45. Nd5 f5 46. Nf4+
Ke5 47. Nd3+ Kxe4 48. Nxe1 b4 49. Kg3 a3 50. bxa3 bxa3 51. Ra2 Nb5 52. Nc2 f4+
53. Kf2 Nc3 54. Rxa3 Nd1+ 55. Ke1 Nb2 56. Rb3 Nd3+ 57. Kd2 Ne5 58. Na3 Kd4 59.
Nc2+ Ke4 60. Rc3 Kd5 61. Na3 Kd4 62. Nb5+ Kd5 63. Ke2 c4 64. Na3 Kd4 65. Nxc4
1-0

[Event "ICC tourney 1897 (3 2)"]
[Site "Internet Chess Club"]
[Date "2020.07.03"]
[Round "8"]
[White "saiabhi29"]
[Black "Venegas"]
[Result "0-1"]
[WhiteElo "1265"]
[BlackElo "1595"]
[PlyCount "106"]
[EventDate "2020.??.??"]

1. d4 Nf6 2. Bf4 g6 3. Nc3 d5 4. e3 Bg7 5. h4 h5 6. Nf3 O-O 7. Be2 c5 8. Qd2
cxd4 9. exd4 Ne4 10. Nxe4 dxe4 11. Ne5 Nc6 12. Nxc6 bxc6 13. c3 a5 14. O-O a4
15. Bc4 e5 16. dxe5 Qxd2 17. Bxd2 Bxe5 18. Rfe1 Bf5 19. Be3 Rab8 20. Rab1 Rfd8
21. Re2 Bxc3 22. b3 Bf6 23. Rc2 Bxh4 24. Rbc1 axb3 25. Bxb3 Bf6 26. Rxc6 Kg7
27. Rc7 Rf8 28. Bc5 Be5 29. Ra7 Rfc8 30. Bxf7 Rxc5 31. Bb3+ Kh6 32. Rxc5 Bd4
33. Rc1 Bxa7 34. Rc7 Bd4 35. Rc4 Be5 36. Rc5 Bd6 37. Rd5 Bf4 38. g3 Bg5 39. Kg2
Rc8 40. Rd1 e3 41. fxe3 Be4+ 42. Kh3 Rf8 43. Be6 Rf2 44. Bd5 Bf5+ 45. g4 Bxg4+
46. Kg3 Rxa2 47. Bxa2 Bxd1 48. e4 Bc2 49. e5 Kg7 50. e6 Be7 51. Bd5 Kf6 52. Kf4
Bf5 53. Bc4 Bxe6 0-1

[Event "ICC tourney 1897 (3 2)"]
[Site "Internet Chess Club"]
[Date "2020.07.03"]
[Round "5"]
[White "londonkid"]
[Black "saiabhi29"]
[Result "1-0"]
[WhiteElo "1750"]
[BlackElo "1234"]
[PlyCount "101"]
[EventDate "2020.??.??"]

1. d4 d5 2. c4 c5 3. cxd5 cxd4 4. Nf3 Nf6 5. Qxd4 Qxd5 6. e3 Nc6 7. Qxd5 Nxd5
8. Bb5 Bd7 9. O-O e6 10. Nc3 Nxc3 11. bxc3 Be7 12. Bb2 a6 13. Bd3 O-O 14. Rfd1
Rfd8 15. h3 Rac8 16. Be4 Bf6 17. Rd2 Na5 18. Rad1 Ba4 19. Rxd8+ Bxd8 20. Rd4
Nc4 21. Bxb7 Rb8 22. Rxc4 Rxb7 23. Rxa4 Rxb2 24. Rxa6 Rb1+ 25. Kh2 Bc7+ 26. g3
h6 27. a4 Rb2 28. Kg2 Rc2 29. Rc6 Ba5 30. c4 Kh8 31. Rc8+ Kh7 32. c5 Ra2 33.
Ra8 Bc7 34. c6 Rc2 35. Nd4 Rc5 36. Nb5 Be5 37. Ra7 Kg6 38. c7 Rc4 39. Ra8 Bxc7
40. Rc8 Rxa4 41. Rxc7 Rb4 42. Nd4 Rb2 43. Nf3 f6 44. Nh4+ Kh7 45. Re7 Rb6 46.
Nf3 Kg6 47. Nd4 e5 48. Ne6 Kf5 49. Nxg7+ Ke4 50. Ne8 f5 51. Rf7 1-0

[Event "ICC tourney 1897 (3 2)"]
[Site "Internet Chess Club"]
[Date "2020.07.03"]
[Round "3"]
[White "destroyingeagle"]
[Black "saiabhi29"]
[Result "0-1"]
[WhiteElo "1271"]
[BlackElo "1177"]
[PlyCount "106"]
[EventDate "2020.??.??"]

1. Nf3 d5 2. g3 Nf6 3. Bg2 g6 4. O-O Bg7 5. d3 O-O 6. Nbd2 c5 7. e4 dxe4 8.
dxe4 Nc6 9. c3 Bg4 10. h3 Bxf3 11. Qxf3 Qc7 12. Qe2 Rad8 13. Nc4 b5 14. Ne3 a6
15. Bd2 Ne5 16. Rad1 Nd3 17. Bc1 c4 18. Nc2 Nd7 19. Ne1 N7c5 20. Be3 Nxe1 21.
Rfxe1 Nd3 22. Rf1 Rd7 23. Qc2 Rfd8 24. Bf3 Be5 25. Kg2 Bg7 26. Be2 Qc6 27. Bf3
a5 28. a3 Qc7 29. Rd2 Qc6 30. Rfd1 Qb7 31. Kh2 Qc7 32. Kg2 Be5 33. Be2 Qb7 34.
Bf3 a4 35. Kh2 Qc7 36. Be2 Qb7 37. Bxd3 cxd3 38. Rxd3 Qxe4 39. Rxd7 Qxc2 40.
Rxd8+ Kg7 41. R8d2 Qb3 42. Bd4 Bxd4 43. cxd4 Qd5 44. Rc1 Qb3 45. Rcc2 e6 46.
Rc5 b4 47. axb4 Qxb4 48. Rcc2 a3 49. bxa3 Qxa3 50. h4 Qa5 51. Rc5 Qxd2 52. Kg2
Qxd4 53. Rc2 Qe4+ 0-1

[Event "ICC tourney 1897 (3 2)"]
[Site "Internet Chess Club"]
[Date "2020.07.03"]
[Round "2"]
[White "saiabhi29"]
[Black "justinchess"]
[Result "0-1"]
[WhiteElo "1154"]
[BlackElo "2152"]
[PlyCount "70"]
[EventDate "2020.??.??"]

1. d4 Nf6 2. Bf4 b6 3. Nf3 Bb7 4. e3 g6 5. Nc3 Bg7 6. Be2 O-O 7. Qd2 c5 8.
O-O-O d6 9. h4 Nbd7 10. Rhg1 h5 11. Ng5 Rc8 12. Kb1 a6 13. f3 b5 14. Nce4 Qb6
15. g4 c4 16. c3 a5 17. gxh5 Nxh5 18. Bh2 b4 19. f4 Ndf6 20. Nxf6+ exf6 21.
Bxh5 fxg5 22. Be2 gxh4 23. Rg2 Bxg2 24. Rg1 Be4+ 25. Ka1 bxc3 26. Qxc3 Rb8 27.
f5 Bxf5 28. Bf3 Rfe8 29. Re1 Qb4 30. Qxb4 axb4 31. e4 Bd7 32. Bxd6 Rb6 33. Bc5
Ra6 34. Kb1 c3 35. bxc3 bxc3 0-1

[Event "ICC tourney 1897 (3 2)"]
[Site "Internet Chess Club"]
[Date "2020.07.03"]
[Round "15"]
[White "playtowin2020"]
[Black "investigator"]
[Result "0-1"]
[WhiteElo "1531"]
[BlackElo "1587"]
[PlyCount "48"]
[EventDate "2020.??.??"]

1. e4 d6 2. d4 Nf6 3. Nc3 g6 4. Bc4 Bg7 5. Be3 a6 6. f3 b5 7. Bb3 Nbd7 8. Nh3
O-O 9. Qd2 c5 10. dxc5 dxc5 11. a3 c4 12. Ba2 Bb7 13. O-O-O Bc6 14. Ne2 a5 15.
Nd4 Qc7 16. g4 Rfd8 17. c3 Ne5 18. Qe2 b4 19. axb4 axb4 20. Bxc4 bxc3 21. bxc3
Ba4 22. Bb3 Bxb3 23. Nxb3 Qxc3+ 24. Qc2 Qxe3+ 0-1

[Event "ICC tourney 1897 (3 2)"]
[Site "Internet Chess Club"]
[Date "2020.07.03"]
[Round "11"]
[White "xiaoyongfu96"]
[Black "playtowin2020"]
[Result "1-0"]
[WhiteElo "1687"]
[BlackElo "1518"]
[PlyCount "129"]
[EventDate "2020.??.??"]

1. e4 c5 2. Nf3 g6 3. d4 cxd4 4. Qxd4 Nf6 5. e5 Nc6 6. Qc3 Nd5 7. Qb3 Nb6 8.
Be2 Bg7 9. Bf4 O-O 10. O-O e6 11. Rd1 f6 12. exf6 Qxf6 13. Bc1 d5 14. c3 Bd7
15. a4 Ne5 16. a5 Nbc4 17. Nbd2 Nxd2 18. Bxd2 Nxf3+ 19. Bxf3 Bc6 20. Be3 Qf7
21. Bc5 Rfd8 22. a6 b6 23. Be3 e5 24. Rd2 d4 25. Qxf7+ Kxf7 26. Bxc6 dxe3 27.
Bd5+ Ke7 28. fxe3 Bh6 29. Kf2 Rac8 30. Ke2 Rc5 31. Bb7 Rxd2+ 32. Kxd2 e4 33.
Re1 Rb5 34. b4 Rh5 35. h3 Re5 36. g4 Bg5 37. c4 Bf6 38. Rf1 h5 39. Kc2 hxg4 40.
hxg4 Rg5 41. Rf4 Be5 42. Rxe4 Kd6 43. Kb3 Kc7 44. Ka4 Bd6 45. Bd5 Be5 46. Kb3
Kd6 47. Ka4 Kc7 48. Bf7 Bd6 49. Kb3 Be5 50. Bxg6 Rxg6 51. Rxe5 Rxg4 52. Re7+
Kb8 53. e4 Rg3+ 54. Ka4 Re3 55. Kb5 Rh3 56. e5 Rh6 57. e6 Rh8 58. Kc6 Rc8+ 59.
Kd6 Rd8+ 60. Rd7 Rc8 61. c5 bxc5 62. bxc5 Ka8 63. e7 Kb8 64. Rd8 Rxd8+ 65.
exd8=Q# 1-0

[Event "ICC tourney 1897 (3 2)"]
[Site "Internet Chess Club"]
[Date "2020.07.03"]
[Round "7"]
[White "playtowin2020"]
[Black "ickyquarter"]
[Result "0-1"]
[WhiteElo "1496"]
[BlackElo "1607"]
[PlyCount "144"]
[EventDate "2020.??.??"]

1. e4 c5 2. Nf3 d6 3. d4 cxd4 4. Nxd4 Nf6 5. Nc3 g6 6. Be3 Bg7 7. Bc4 Ng4 8.
Bg5 O-O 9. O-O h6 10. Bh4 Ne5 11. Bb3 Nbc6 12. Nxc6 Nxc6 13. Bg3 Kh7 14. Qd2
Be6 15. f4 Bxb3 16. axb3 Qb6+ 17. Kh1 Qd4 18. Rad1 Qxd2 19. Rxd2 Rac8 20. Ne2
Na5 21. Ra1 b6 22. Ra2 Rc7 23. Nc1 Rfc8 24. c3 Bxc3 25. bxc3 Rxc3 26. Ne2 Rc1+
27. Ng1 Nxb3 28. Rdb2 Na5 29. h3 R1c4 30. e5 dxe5 31. fxe5 Re4 32. Kh2 e6 33.
Nf3 Kg7 34. Rd2 Rc7 35. Rd6 Rec4 36. Rad2 R4c6 37. Nd4 Rc5 38. Nf3 Nc4 39. Rd1
Nxd6 40. exd6 Rd7 41. Ne5 Rd8 42. d7 Kf8 43. Ra1 Rc7 44. Nxg6+ fxg6 45. Bxc7
Rxd7 46. Bb8 a5 47. Bf4 Kg7 48. Be3 Rb7 49. Rb1 b5 50. Bd4+ Kh7 51. Bc5 b4 52.
g4 b3 53. Kg3 a4 54. Ba3 Rc7 55. h4 Rc4 56. g5 hxg5 57. hxg5 Rc2 58. Bb2 Rc5
59. Bf6 Ra5 60. Kf4 Rb5 61. Ke4 a3 62. Rh1+ Kg8 63. Ra1 b2 64. Bxb2 axb2 65.
Rb1 Kf7 66. Kd3 Ke7 67. Kc3 Kd6 68. Rxb2 Rxb2 69. Kxb2 Ke5 70. Kc3 Kf5 71. Kd4
Kxg5 72. Ke4 Kh4 0-1

[Event "ICC tourney 1897 (3 2)"]
[Site "Internet Chess Club"]
[Date "2020.07.03"]
[Round "4"]
[White "playtowin2020"]
[Black "MrNormalName"]
[Result "0-1"]
[WhiteElo "1513"]
[BlackElo "1758"]
[PlyCount "132"]
[EventDate "2020.??.??"]

1. e4 e5 2. Nf3 Nc6 3. d4 exd4 4. Bc4 Bc5 5. c3 Nf6 6. cxd4 Bb4+ 7. Bd2 Nxe4 8.
Bxb4 Nxb4 9. Bxf7+ Kxf7 10. Qb3+ d5 11. Qxb4 Rf8 12. O-O Kg8 13. Nc3 Nxc3 14.
Qxc3 Bf5 15. Rac1 c6 16. Rfe1 Be4 17. Nd2 Qf6 18. f3 Bf5 19. Nf1 Rae8 20. Ng3
Bg6 21. Qd2 h6 22. Qf2 Qf4 23. Rcd1 Kh7 24. Nf1 Qf7 25. Ne3 Qf6 26. Ng4 Qf4 27.
Ne5 Qf5 28. Re3 Qf4 29. Rde1 Bf5 30. g3 Qxd4 31. f4 Qb6 32. b3 d4 33. R3e2 d3
34. Qxb6 axb6 35. Rd2 Rd8 36. Red1 Rd4 37. Kf2 g5 38. Ke3 Re4+ 39. Kf3 gxf4 40.
gxf4 Rd4 41. Ke3 Re4+ 42. Kf3 Rd8 43. Nxd3 Red4 44. Ke3 Bg4 45. Rg1 Bf5 46.
Rgd1 Re4+ 47. Kf3 Rg8 48. Ne5 Rxe5 49. Rd7+ Bxd7 50. Rxd7+ Rg7 51. Rxg7+ Kxg7
52. fxe5 Kf7 53. Ke4 Ke6 54. h4 b5 55. b4 b6 56. a3 c5 57. h5 c4 58. Kd4 Kf5
59. a4 bxa4 60. Kxc4 Kxe5 61. b5 Ke4 62. Kb4 Kd4 63. Kxa4 Kc4 64. Ka3 Kxb5 65.
Kb2 Kc4 66. Kc2 Kd4 0-1

[Event "ICC tourney 1897 (3 2)"]
[Site "Internet Chess Club"]
[Date "2020.07.03"]
[Round "2"]
[White "Goran21"]
[Black "playtowin2020"]
[Result "0-1"]
[WhiteElo "1589"]
[BlackElo "1531"]
[PlyCount "62"]
[EventDate "2020.??.??"]

1. e4 c5 2. f3 e6 3. Ne2 Nc6 4. d4 cxd4 5. Nxd4 Nf6 6. Nc3 Bb4 7. a3 Bxc3+ 8.
bxc3 O-O 9. Bd3 d5 10. Nxc6 bxc6 11. e5 Nd7 12. f4 f6 13. exf6 Qxf6 14. Bd2 e5
15. Kf1 e4 16. Be2 Nc5 17. Kg1 Re8 18. Qe1 e3 19. Bc1 Qxf4 20. Bf3 Bf5 21. Rb1
Bxc2 22. Rb4 Qf5 23. Qe2 Bd3 24. Qe1 Bb5 25. Bxe3 Nd3 26. Qd2 Nxb4 27. axb4
Qb1+ 28. Kf2 Qxh1 29. Bd4 Qf1+ 30. Kg3 Qe1+ 31. Qxe1 Rxe1 0-1

[Event "ICC tourney 1897 (3 2)"]
[Site "Internet Chess Club"]
[Date "2020.07.03"]
[Round "14"]
[White "GHAAngel"]
[Black "Xuanli28"]
[Result "0-1"]
[WhiteElo "1609"]
[BlackElo "1638"]
[PlyCount "78"]
[EventDate "2020.??.??"]

1. d4 Nf6 2. c4 g6 3. Nc3 Bg7 4. e4 d6 5. Nf3 O-O 6. Be3 Nbd7 7. h3 e5 8. d5
Ne8 9. Bg5 f6 10. Bh4 h6 11. Bd3 Kh7 12. O-O Nc5 13. b4 Nxd3 14. Qxd3 Qd7 15.
c5 f5 16. Bg3 f4 17. Bh2 g5 18. cxd6 cxd6 19. Rac1 a6 20. Qc2 b5 21. a4 Rb8 22.
axb5 axb5 23. Nd2 Qe7 24. f3 h5 25. Qd3 Bd7 26. Ra1 Rb7 27. Nb3 Rf6 28. Na5 Rb8
29. Nc6 Bxc6 30. dxc6 Rg6 31. Nd5 Qe6 32. Ra7 g4 33. fxg4 hxg4 34. Re7 Qc8 35.
Kh1 f3 36. gxf3 g3 37. f4 Qxh3 38. Qe2 g2+ 39. Kg1 gxf1=Q# 0-1

[Event "ICC tourney 1897 (3 2)"]
[Site "Internet Chess Club"]
[Date "2020.07.03"]
[Round "13"]
[White "GHAAngel"]
[Black "rishibabu"]
[Result "0-1"]
[WhiteElo "1625"]
[BlackElo "1580"]
[PlyCount "104"]
[EventDate "2020.??.??"]

1. d4 d5 2. c4 e6 3. Nc3 c6 4. cxd5 exd5 5. Nf3 Bg4 6. Bf4 Nf6 7. Ne5 Bf5 8.
Qb3 Qb6 9. e3 Qxb3 10. axb3 Nbd7 11. Be2 Be7 12. h3 O-O 13. g4 Be6 14. Bg3 Nxe5
15. dxe5 Ne4 16. Nxe4 dxe4 17. Bc4 Rfd8 18. Bxe6 fxe6 19. Ke2 Rd3 20. Ra4 Rxb3
21. Rxe4 Rxb2+ 22. Kf3 a5 23. Rd1 a4 24. Rdd4 b5 25. Rd7 Kf8 26. g5 a3 27. g6
hxg6 28. Bh4 Bxh4 29. Rxh4 Kg8 30. Rg4 Rf8+ 31. Kg3 Rfxf2 32. Kh4 Rf7 33. Rd8+
Kh7 34. Kg3 g5 35. Rxg5 a2 36. Kh4 g6 37. Ra8 b4 38. Rg4 b3 39. Rd4 Kh6 40.
Rh8+ Rh7 41. Ra8 Rg2 42. Rg4 Rxg4+ 43. hxg4 g5+ 44. Kg3 Rb7 45. Re8 a1=Q 46.
Rxe6+ Kg7 47. Rf6 Qxe5+ 48. Kf3 Qxf6+ 49. Ke2 b2 50. Kd3 b1=Q+ 51. Kc4 Qe5 52.
e4 Qb3# 0-1

[Event "ICC tourney 1897 (3 2)"]
[Site "Internet Chess Club"]
[Date "2020.07.03"]
[Round "12"]
[White "playtowin2020"]
[Black "GHAAngel"]
[Result "0-1"]
[WhiteElo "1508"]
[BlackElo "1645"]
[PlyCount "104"]
[EventDate "2020.??.??"]

1. e4 c6 2. d4 d5 3. exd5 cxd5 4. Bd3 Nc6 5. c3 Nf6 6. Bf4 Bg4 7. Qb3 Qd7 8.
Nd2 e6 9. Ngf3 Bxf3 10. Nxf3 a6 11. O-O Be7 12. Bg3 O-O 13. Ne5 Nxe5 14. Bxe5
b5 15. Rae1 Rfc8 16. Qc2 g6 17. Qd2 Qe8 18. h3 Nd7 19. Bh2 Ra7 20. f4 Rb7 21.
Rf3 Nf6 22. g4 Bd6 23. f5 Bxh2+ 24. Qxh2 Ne4 25. Bxe4 exf5 26. gxf5 dxe4 27.
Rf4 Re7 28. fxg6 hxg6 29. Qg3 Rc6 30. Qg5 Rce6 31. Re3 Qf8 32. h4 Qg7 33. Qd5
f5 34. Kh2 Qf6 35. Rg3 Kh8 36. h5 Rh7 37. Qa8+ Kg7 38. Kg2 Rxh5 39. Qb7+ Re7
40. Qc8 Rg5 41. Qc5 Rxg3+ 42. Kxg3 Qg5+ 43. Kh3 Re8 44. Qc7+ Re7 45. Qc5 Qf6
46. Kg2 e3 47. Kf1 e2+ 48. Ke1 Qe6 49. Rf2 Qe3 50. Qxe7+ Qxe7 51. Rxe2 Qh4+ 52.
Kd2 f4 0-1

[Event "ICC tourney 1897 (3 2)"]
[Site "Internet Chess Club"]
[Date "2020.07.03"]
[Round "11"]
[White "GHAAngel"]
[Black "pyaru536"]
[Result "0-1"]
[WhiteElo "1637"]
[BlackElo "1295"]
[PlyCount "82"]
[EventDate "2020.??.??"]

1. d4 d5 2. c3 Nf6 3. Bf4 c5 4. Bg3 Nc6 5. e3 Qb6 6. Qb3 c4 7. Qc2 Bf5 8. Qc1
e6 9. Nf3 h6 10. Nbd2 Be7 11. b3 cxb3 12. axb3 O-O 13. c4 dxc4 14. bxc4 Nb4 15.
c5 Qd8 16. e4 Nxe4 17. Qb2 Nxg3 18. hxg3 Nc2+ 19. Kd1 Nxa1 20. Qxa1 b6 21. c6
Rc8 22. Bb5 Qd5 23. Qb2 Rfd8 24. Ke2 Bf6 25. Ke3 e5 26. dxe5 Bd3 27. Ba4 Qc5+
28. Kf4 Bg5+ 29. Nxg5 hxg5+ 30. Kg4 Rd4+ 31. Kh3 Rxa4 32. g4 Qxf2 33. Nf3 Qxb2
34. Nxg5 Qxe5 35. Nf3 Qf4 36. Rg1 Qxg4+ 37. Kh2 Be4 38. Rf1 Bxf3 39. Rxf3 Qh4+
40. Rh3 Qf4+ 41. Rg3 Ra3 0-1

[Event "ICC tourney 1897 (3 2)"]
[Site "Internet Chess Club"]
[Date "2020.07.03"]
[Round "9"]
[White "GHAAngel"]
[Black "investigator"]
[Result "1-0"]
[WhiteElo "1677"]
[BlackElo "1632"]
[PlyCount "41"]
[EventDate "2020.??.??"]

1. d4 d6 2. e4 Nf6 3. Bd3 e5 4. Ne2 Nc6 5. c3 g6 6. O-O Bg7 7. h3 O-O 8. Bg5 h6
9. Be3 d5 10. f3 Re8 11. dxe5 Nxe5 12. Bc2 dxe4 13. fxe4 Nc4 14. Bd4 Nxb2 15.
Qc1 Nc4 16. Bxf6 Bxf6 17. Bb3 Ne5 18. Qxh6 Bg5 19. Bxf7+ Nxf7 20. Qxg6+ Kf8 21.
Qxf7# 1-0

[Event "ICC tourney 1897 (3 2)"]
[Site "Internet Chess Club"]
[Date "2020.07.03"]
[Round "7"]
[White "MrNormalName"]
[Black "GHAAngel"]
[Result "1-0"]
[WhiteElo "1755"]
[BlackElo "1636"]
[PlyCount "91"]
[EventDate "2020.??.??"]

1. d4 c6 2. c4 d5 3. Nc3 e6 4. e3 Nf6 5. Nf3 Be7 6. Bd3 dxc4 7. Bxc4 O-O 8. O-O
c5 9. dxc5 Bxc5 10. Qe2 Nc6 11. Rd1 Qe7 12. a3 a6 13. b4 Bb6 14. Bb2 Bc7 15.
Rac1 b5 16. Bd3 Bb7 17. Ne4 Nxe4 18. Bxe4 Nd8 19. Bxh7+ Kxh7 20. Qc2+ Kg8 21.
Qxc7 Qxc7 22. Rxc7 Bxf3 23. gxf3 a5 24. bxa5 Rxa5 25. Bc3 Ra6 26. Bb4 Re8 27.
Rc8 e5 28. Rdxd8 Rxd8 29. Rxd8+ Kh7 30. Rd5 Rb6 31. Rxe5 Rb7 32. Kg2 f6 33. Rd5
Kg6 34. f4 Kf7 35. Kf3 Ke6 36. Rh5 Rc7 37. Rxb5 Rc2 38. Rb6+ Kf7 39. Rb7+ Kg6
40. Bf8 Rc3 41. Rxg7+ Kf5 42. a4 Rb3 43. a5 Rb5 44. a6 Ra5 45. a7 Ke6 46. Bc5
1-0

[Event "ICC tourney 1897 (3 2)"]
[Site "Internet Chess Club"]
[Date "2020.07.03"]
[Round "15"]
[White "davika21"]
[Black "saiabhi29"]
[Result "0-1"]
[WhiteElo "1599"]
[BlackElo "1326"]
[PlyCount "89"]
[EventDate "2020.??.??"]

1. e4 c5 2. c3 Nf6 3. e5 Nd5 4. d4 cxd4 5. Nf3 Nc6 6. cxd4 d6 7. Bc4 Nb6 8. Bb5
d5 9. O-O Bg4 10. Nc3 e6 11. Be3 Be7 12. Rc1 O-O 13. h3 Bh5 14. Be2 Bxf3 15.
Bxf3 Nc4 16. Qe2 Bg5 17. Rfd1 Bxe3 18. fxe3 Qg5 19. Re1 a6 20. b3 Nb6 21. Red1
Rac8 22. e4 Nxd4 23. Qf2 Nxf3+ 24. Qxf3 d4 25. Ne2 Rxc1 26. Rxc1 Qxe5 27. Nf4
Rd8 28. Nd3 Qg5 29. Re1 Nd7 30. e5 Qd2 31. Re2 Qd1+ 32. Kh2 Nb6 33. Qe4 Nd5 34.
Rf2 Nc3 35. Qxb7 Rf8 36. Nc5 Qe1 37. Qf3 Qxe5+ 38. Kg1 Qxc5 39. Qd3 Qb5 40. Qc2
Nd5 41. Rd2 Ne3 42. Qe4 Qf1+ 43. Kh2 Qe1 44. Qxd4 Qxd2 45. Qxd2 0-1

[Event "ICC tourney 1897 (3 2)"]
[Site "Internet Chess Club"]
[Date "2020.07.03"]
[Round "14"]
[White "bpovo1394"]
[Black "davika21"]
[Result "1-0"]
[WhiteElo "1041"]
[BlackElo "1646"]
[PlyCount "109"]
[EventDate "2020.??.??"]

1. e4 e5 2. Nf3 Nc6 3. d4 exd4 4. Bc4 Nf6 5. e5 d5 6. Bb5 Ne4 7. Nxd4 Bd7 8.
Bxc6 bxc6 9. O-O Bc5 10. f3 Ng5 11. Be3 O-O 12. f4 Ne4 13. Nd2 Nxd2 14. Qxd2
Bb6 15. Nb3 Bf5 16. c3 Re8 17. Bc5 Qe7 18. Qd4 Bxc5 19. Nxc5 Rab8 20. b4 f6 21.
exf6 Qxf6 22. Qxf6 gxf6 23. Rae1 Kf7 24. Kf2 Be4 25. g4 a5 26. a3 axb4 27. axb4
Ra8 28. Re2 Ra3 29. Nxe4 dxe4 30. Re3 Ra2+ 31. Kg3 f5 32. h3 Kf6 33. Rf2 Rxf2
34. Kxf2 fxg4 35. hxg4 Re6 36. Rh3 Re7 37. Rh6+ Kg7 38. Rxc6 Kf8 39. Ke3 Ke8
40. Rc4 Kd7 41. Rxe4 Rg7 42. g5 Kd6 43. c4 Rg6 44. Kd4 h6 45. gxh6 Rxh6 46. f5
Rf6 47. Re6+ Rxe6 48. fxe6 Kxe6 49. Kc5 Kd7 50. Kd5 Ke7 51. Kc6 Kd8 52. Kb7 Kd7
53. c5 Kd8 54. c6 Ke7 55. Kxc7 1-0

[Event "ICC tourney 1897 (3 2)"]
[Site "Internet Chess Club"]
[Date "2020.07.03"]
[Round "13"]
[White "davika21"]
[Black "Venom2020"]
[Result "0-1"]
[WhiteElo "1720"]
[BlackElo "1813"]
[PlyCount "86"]
[EventDate "2020.??.??"]

1. e4 c5 2. c3 Nf6 3. e5 Nd5 4. d4 cxd4 5. Nf3 Nc6 6. cxd4 d6 7. Bc4 Nb6 8. Bb5
dxe5 9. Nxe5 Bd7 10. Bxc6 Bxc6 11. Nxc6 bxc6 12. O-O g6 13. Re1 Bg7 14. Bg5 O-O
15. Bxe7 Qxd4 16. Bxf8 Qxd1 17. Rxd1 Bxb2 18. Bc5 Bxa1 19. Nd2 Bg7 20. Ne4 Nd5
21. Kf1 h6 22. Ke2 Rb8 23. Rd2 a6 24. g3 g5 25. Kd3 Rb5 26. Bd4 Rb4 27. Bxg7
Kxg7 28. Nc3 Kf6 29. Nxd5+ cxd5 30. Kc3 Rc4+ 31. Kd3 Ke5 32. Rb2 Ra4 33. Ke3
Ra3+ 34. Ke2 Ke4 35. Rb4+ d4 36. Rb2 f5 37. Rd2 d3+ 38. Kf1 Kf3 39. Rb2 Rc3 40.
Rb1 Rc2 41. Rb3 Rxf2+ 42. Kg1 Rd2 43. a3 Rd1# 0-1